El azúcar se ahogó en la melaza : (Registro nro. 14547)

Detalles MARC
000 -LEADER
fixed length control field 00915nam a2200265 u 4500
001 - CONTROL NUMBER
control field 000002658
003 - CONTROL NUMBER IDENTIFIER
control field DO-SdBNP
005 - DATE AND TIME OF LATEST TRANSACTION
control field 20240131101841.0
008 - FIXED-LENGTH DATA ELEMENTS--GENERAL INFORMATION
fixed length control field 090703s1999 dr c 001 0 spa d
020 ## - INTERNATIONAL STANDARD BOOK NUMBER
Canceled/invalid ISBN 8489525625
040 ## - CATALOGING SOURCE
Original cataloging agency DO-SdBNP
Language of cataloging spa
Transcribing agency BPMSU
082 #4 - DEWEY DECIMAL CLASSIFICATION NUMBER
Classification number 338.4763361
Item number C965a 1999
Edition number 22
100 1# - MAIN ENTRY--PERSONAL NAME
Personal name Cuevas P., Héctor E.
Dates associated with a name 1950-
245 13 - TITLE STATEMENT
Title El azúcar se ahogó en la melaza :
Remainder of title quinientos años de azúcar /
Statement of responsibility, etc. Héctor E. Cuevas P.
260 ## - PUBLICATION, DISTRIBUTION, ETC. (IMPRINT)
Place of publication, distribution, etc. Santo Domingo :
Name of publisher, distributor, etc. INTEC,
Date of publication, distribution, etc. 1999.
300 ## - PHYSICAL DESCRIPTION
Extent 227 p. :
Other physical details il., retrs. ;
Dimensions 21 cm.
500 ## - GENERAL NOTE
General note Incluye datos biográficos del autor en la contracubierta.
504 ## - BIBLIOGRAPHY, ETC. NOTE
Bibliography, etc Bibliografía: p. 221-227
590 ## - LOCAL NOTE (RLIN)
Local note Inventariado,2024/VM
650 #4 - SUBJECT ADDED ENTRY--TOPICAL TERM
Topical term or geographic name as entry element Industria azucarera
General subdivision Historia
650 #4 - SUBJECT ADDED ENTRY--TOPICAL TERM
Topical term or geographic name as entry element Industria azucarera
Geographic subdivision República Dominicana
710 2# - ADDED ENTRY--CORPORATE NAME
Corporate name or jurisdiction name as entry element Instituto Tecnológico de Santo Domingo
910 ## - USER-OPTION DATA (OCLC)
User-option data VMateo V. Control de calidad BPMSU
942 ## - ADDED ENTRY ELEMENTS (KOHA)
Source of classification or shelving scheme Dewey Decimal Classification
Koha item type Libros
Existencias
Withdrawn status Lost status Source of classification or shelving scheme Damaged status Not for loan Collection code Home library Current library Date acquired Total Checkouts Full call number Barcode Date last seen Price effective from Koha item type Copy number
    Dewey Decimal Classification     Colección Dominicana Biblioteca Pública Metropolitana Salomé Ureña Biblioteca Pública Metropolitana Salomé Ureña 01/31/2024   BPMSU CD 338.4763361 C965a 1999 BPMSU24010049 01/31/2024 01/31/2024 Libros  
    Dewey Decimal Classification     Colección Dominicana Biblioteca Pública Metropolitana Salomé Ureña Biblioteca Pública Metropolitana Salomé Ureña 01/31/2024   BPMSU CD 338.4763361 C965a 1999 BPMSU24010050 01/31/2024 01/31/2024 Libros e.2
    Dewey Decimal Classification     Colección Dominicana Biblioteca Pública Metropolitana Salomé Ureña Biblioteca Pública Metropolitana Salomé Ureña 01/31/2024   BPMSU CD 338.4763361 C965a 1999 BPMSU25120009 12/01/2025 01/31/2024 Libros e.3